000 00295nam a22001337a 4500
008 171031b xxu||||| |||| 00| 0 eng d
020 _a9780077318833
041 _aeng
080 _212TH
_a33
100 _a59
101 _aBUS
245 _aINTERNATIONAL BUSINESS
_cBALL,D.A
942 _2udc
_cBK
999 _c36869
_d36869